000 00522nam a2200193Ia 4500
005 20250508162156.0
008 008 250505s9999 xx 000 0 eng d
037 _aTextual
040 _aFEDL
_beng
_cFEDL
041 _aeng
_2eng
084 _a301.24, CHI
_qFEDL
100 _aChitnis Suma
245 0 _aLong way to go
260 _aNew Delhi, India
_bAllied Publishers Private Limited
_c1981
300 _ax,350p.
650 _aSociology
942 _cTEXL
_h301.24, CHI
999 _c1374828
_d1374828